000
00286nam a2200109Ia 4500
008
220120s9999||||xx |||||||||||||| ||und||
100
_a
Haykin, Simon and Veen, Barry Van
245
0
_a
Signals and systems
260
_a
John wiley and sons
_c
2003
300
_b
0
650
_a
GENERAL BOOKS
999
_c
137135
_d
137135